[Event "Groningen Combinatie op"]
[Site "Groningen"]
[Date "2018.05.12"]
[Round "4"]
[White "Kunnen, Ruurd"]
[Black "Zuiderweg, Hiddo"]
[Result "1-0"]
[WhiteElo "1924"]
[BlackElo "1920"]
[PlyCount "93"]
[EventDate "2018.05.10"]
[EventType "swiss"]
[EventRounds "7"]
[EventCountry "NED"]
[SourceTitle "CBM 184 Extra"]
[Source "ChessBase"]
[SourceDate "2018.06.28"]
[SourceVersion "1"]
[SourceVersionDate "2018.06.28"]
[SourceQuality "1"]

1. c4 e6 2. g3 Nf6 3. Bg2 d5 4. d4 Be7 5. Nf3 0-0 6. 0-0 Nbd7 7. Qc2 c6 8. Nbd2 b6 9. e4 dxe4 10. Nxe4 Nxe4 11. Qxe4 Ba6 12. b3 c5 13. Bb2 Qc7 14. Rad1 Bb7 15. Qc2 cxd4 16. Nxd4 Bxg2 17. Kxg2 Rad8 18. Qe4 Nc5 19. Qc6 Qb8 20. Qf3 Rc8 21. Nc6 Qb7 22. Nxe7+ Qxe7 23. Rd4 Rcd8 24. Rfd1 f6 25. R1d2 Rxd4 26. Rxd4 Rd8 27. Qc6 Rxd4 28. Bxd4 Qb7 29. Qxb7 Nxb7 30. b4 Kf7 31. f4 Ke7 32. Kf3 Kd6 33. Ke4 Kc6 34. g4 Nd6+ 35. Kd3 Ne8 36. a4 f5 37. gxf5 exf5 38. Be5 g6 39. Kd4 Nd6 40. b5+ Kd7 41. c5 bxc5+ 42. Kxc5 Ne4+ 43. Kd5 g5 44. fxg5 Nxg5 45. a5 Kc8 46. Bf4 Ne4 47. Kc6 1-0